00341nam a2200121Ia 4500008004100000041000800041082001800049100002400067245004500091260003900136300003200175365001200207240624s9999 xx 000 0 und d aeng a330.90511 MIT aMITCHELL LAWRENCE E aPANIC OF 2008 CAUSES CONSEQUENCES AND IM c2010aUnited KingdombEdward Elgar aviii, : 359 : p. : cm. ; 24 cGBPb50